Score 0/184 Timer 10:00
0 Plays Today
Lyrics % Correct
and
100%
and
100%
the
100%
and
100%
a
100%
a
100%
and
100%
And
100%
And
100%
a
100%
a
100%
and
100%
And
100%
a
100%
And
100%
a
100%
a
100%
the
100%
on
100%
and
100%
And
100%
a
100%
and
100%
and
100%
and
100%
And
100%
a
100%
he
85.7%
me
85.7%
me,
85.7%
he
85.7%
of
85.7%
to
85.7%
me
85.7%
an
85.7%
of
85.7%
Then
85.7%
he
85.7%
of
85.7%
to
85.7%
he
85.7%
of
85.7%
to
85.7%
of
85.7%
he
85.7%
of
85.7%
to
85.7%
of
85.7%
Then
85.7%
he
85.7%
of
85.7%
he
85.7%
to
85.7%
he
85.7%
of
85.7%
true
71.4%
lover
71.4%
mine.
71.4%
Tell
71.4%
true
71.4%
lover
71.4%
mine.
71.4%
Lyrics % Correct
Tell
71.4%
true
71.4%
lover
71.4%
mine.
71.4%
Tell
71.4%
true
71.4%
lover
71.4%
mine.
71.4%
Tell
71.4%
true
71.4%
lover
71.4%
mine.
71.4%
tell
71.4%
true
71.4%
lover
71.4%
mine.
71.4%
Parsley,
57.1%
sage,
57.1%
rosemary,
57.1%
thyme;
57.1%
be
57.1%
him
57.1%
Parsley,
57.1%
sage,
57.1%
rosemary,
57.1%
thyme;
57.1%
be
57.1%
him
57.1%
Parsley,
57.1%
sage,
57.1%
rosemary,
57.1%
thyme;
57.1%
be
57.1%
him
57.1%
Parsley
57.1%
sage
57.1%
rosemary,
57.1%
thyme;
57.1%
be
57.1%
him
57.1%
Parsley,
57.1%
sage,
57.1%
rosemary,
57.1%
thyme;
57.1%
be
57.1%
When
57.1%
Parsley,
57.1%
sage,
57.1%
rosemary,
57.1%
thyme;
57.1%
him
57.1%
be
57.1%
for
42.9%
shall
42.9%
shall
42.9%
one
42.9%
shall
42.9%
shall
42.9%
one
42.9%
shall
42.9%
shall
42.9%
I
28.6%
Lyrics % Correct
he'll
28.6%
as
28.6%
Between
28.6%
it
28.6%
with
28.6%
it
28.6%
with
28.6%
with
28.6%
it
28.6%
with
28.6%
sea
28.6%
it
28.6%
it
28.6%
come
28.6%
he'll
28.6%
Now
14.3%
buy
14.3%
acre
14.3%
salt
14.3%
water
14.3%
sickle
14.3%
land,
14.3%
let
14.3%
his
14.3%
have
14.3%
his
14.3%
shirt,
14.3%
has
0%
asked
0%
questions
0%
hope
0%
answer
0%
many
0%
Before
0%
plough
0%
ram's
0%
sow
0%
all
0%
over
0%
peppercorn,
0%
sheer't
0%
bind
0%
up
0%
peacock's
0%
feather,
0%
three,
0%
sand,
0%
horn,
0%
leather,
0%
thrash
0%
yonder
0%
wall,
0%
never
0%
corn
0%
fall,
0%
has
0%
done
0%
finished
0%
work.
0%
Oh,
0%

You're not logged in!

Compare scores with friends on all Sporcle quizzes.
OR
Log In

Sporcle TV

Today on Sporcle TV


Watch our educational content, quiz creation guides, and fun videos on Sporcle TV.

Show Comments

Extras

Top Quizzes Today


Score Distribution

Paid Content

Your Account Isn't Verified!

In order to create a playlist on Sporcle, you need to verify the email address you used during registration. Go to your Sporcle Settings to finish the process.

Report this User

Report this user for behavior that violates our Community Guidelines.

Details: